में बचाया:
| स्वरूप: | अज्ञात |
|---|---|
| प्रकाशित: |
Heredia :
|
| टैग: |
टैग जोड़ें
कोई टैग नहीं, इस रिकॉर्ड को टैग करने वाले पहले व्यक्ति बनें!
|
MARC
| LEADER | 00000 a2200000 04500 | ||
|---|---|---|---|
| 001 | 14187 | ||
| 003 | |||
| 008 | 991231s d | ||
| 040 | |||
| 090 | |a 028600 | ||
| 260 | |a Heredia : | ||
| 500 | |a Separata de: REVISTA GEOGRAFICA DE AMERICA CENTRAL (13-14) 1981 | ||
| 999 | |c 12550 |d 12550 | ||
